[Event "IECG CP.2007.Q.00017 email"]
[Site "IECG email"]
[Date "2009.01.15"]
[Round "?"]
[White "Reyes, Damian"]
[Black "Simon, Holger"]
[Result "0-1"]
[WhiteElo "1689"]
[BlackElo "2119"]
[PlyCount "40"]
[EventDate "2009.01.15"]
[EventType "tourn (corr)"]
[EventRounds "6"]
[SourceTitle "Corr 2024"]
[Source "ChessBase"]
[SourceDate "2023.10.19"]
[SourceVersion "1"]
[SourceVersionDate "2023.10.19"]
[SourceQuality "1"]

1. e4 e6 2. d4 d5 3. Nd2 Nf6 4. e5 Nfd7 5. Bd3 c5 6. c3 Nc6 7. Ne2 cxd4 8. cxd4 f6 9. exf6 Nxf6 10. Nf3 Bd6 11. 0-0 0-0 12. Nc3 Bd7 13. Nb5 Bb8 14. Re1 Ng4 15. h3 Nxf2 16. Kxf2 a6 17. Nc3 Qh4+ 18. Kf1 Nxd4 19. Re3 Bc7 20. Be2 Bb6 0-1

[Event "IECG CP.2007.Q.00017 email"]
[Site "IECG email"]
[Date "2009.01.15"]
[Round "?"]
[White "Schwarz, Frank"]
[Black "Reyes, Damian"]
[Result "1-0"]
[WhiteElo "2007"]
[BlackElo "1689"]
[PlyCount "51"]
[EventDate "2009.01.15"]
[EventType "tourn (corr)"]
[EventRounds "6"]
[SourceTitle "Corr 2024"]
[Source "ChessBase"]
[SourceDate "2023.10.19"]
[SourceVersion "1"]
[SourceVersionDate "2023.10.19"]
[SourceQuality "1"]

1. c4 Nf6 2. g3 e6 3. Bg2 d5 4. Nf3 Be7 5. 0-0 0-0 6. Qc2 c6 7. d4 Nbd7 8. b3 b6 9. Rd1 Bb7 10. Nc3 Rc8 11. e4 c5 12. exd5 exd5 13. Bb2 Qc7 14. Nxd5 Nxd5 15. cxd5 Bxd5 16. dxc5 Bb7 17. Rac1 bxc5 18. Qf5 Rcd8 19. Re1 Rfe8 20. Re3 Bc8 21. Rce1 Nf6 22. Qc2 Nd5 23. Ng5 g6 24. Bxd5 Rxd5 25. Qc3 f6 26. Qxf6 1-0

[Event "IECG CP.2007.Q.00017 email"]
[Site "IECG email"]
[Date "2009.01.15"]
[Round "?"]
[White "Sheers, Matthew Philip"]
[Black "Reyes, Damian"]
[Result "1-0"]
[WhiteElo "1852"]
[BlackElo "1689"]
[PlyCount "61"]
[EventDate "2009.01.15"]
[EventType "tourn (corr)"]
[EventRounds "6"]
[SourceTitle "Corr 2024"]
[Source "ChessBase"]
[SourceDate "2023.10.19"]
[SourceVersion "1"]
[SourceVersionDate "2023.10.19"]
[SourceQuality "1"]

1. e4 c6 2. d4 d5 3. exd5 cxd5 4. Bd3 Nc6 5. c3 Nf6 6. Bf4 Bg4 7. Qb3 Qd7 8. Nd2 e6 9. Ngf3 Bxf3 10. Nxf3 a6 11. 0-0 Nh5 12. Ne5 Nxe5 13. Bxe5 Be7 14. Qd1 Nf6 15. Qf3 0-0 16. Qh3 Ne4 17. Rae1 f6 18. Bf4 f5 19. f3 Ng5 20. Qg3 Nf7 21. Re2 Bd6 22. a4 Rfe8 23. a5 Bxf4 24. Qxf4 Nd6 25. Rfe1 Rab8 26. g4 g6 27. h4 b5 28. h5 Rbd8 29. Qg5 Kg7 30. gxf5 exf5 31. Re7+ 1-0

[Event "IECG CP.2007.P.00070 email"]
[Site "IECG email"]
[Date "2007.10.01"]
[Round "?"]
[White "Bernad Millan, Ignacio"]
[Black "Reyes, Damian"]
[Result "0-1"]
[WhiteElo "1960"]
[BlackElo "1662"]
[PlyCount "40"]
[EventDate "2007.10.01"]
[EventType "tourn (corr)"]
[EventRounds "6"]
[SourceTitle "Corr 2011"]
[Source "ChessBase"]
[SourceDate "2010.08.31"]
[SourceVersion "1"]
[SourceVersionDate "2010.08.31"]
[SourceQuality "1"]

1. d4 d5 2. c4 e6 3. Nf3 Nf6 4. Nc3 Be7 5. Bg5 h6 6. Bxf6 Bxf6 7. Qb3 dxc4 8. Qxc4 0-0 9. e3 Nd7 10. Ne4 b6 11. Qc6 Rb8 12. Nxf6+ Nxf6 13. Be2 Bb7 14. Qa4 c5 15. dxc5 bxc5 16. 0-0 Bxf3 17. Bxf3 Rxb2 18. Qxa7 c4 19. a4 e5 20. Rac1 e4 0-1

[Event "IECG CP.2007.P.00070 email"]
[Site "IECG email"]
[Date "2007.10.01"]
[Round "?"]
[White "Reyes, Damian"]
[Black "Heiser, Jerome"]
[Result "1-0"]
[WhiteElo "1662"]
[BlackElo "1183"]
[PlyCount "58"]
[EventDate "2007.10.01"]
[EventType "tourn (corr)"]
[EventRounds "6"]
[SourceTitle "Corr 2024"]
[Source "ChessBase"]
[SourceDate "2023.10.19"]
[SourceVersion "1"]
[SourceVersionDate "2023.10.19"]
[SourceQuality "1"]

1. e4 d6 2. d4 Nf6 3. Nc3 e6 4. Nf3 Be7 5. Be2 0-0 6. 0-0 Nc6 7. Re1 d5 8. e5 Ne4 9. Bd3 Nxc3 10. bxc3 Na5 11. Nd2 c5 12. Qh5 g6 13. Qh3 Nc6 14. Nf3 Qa5 15. Qh6 f5 16. exf6 Bxf6 17. Bxg6 hxg6 18. Qxg6+ Kh8 19. Qh5+ Kg8 20. Bh6 Ne7 21. Re5 Qxc3 22. Rg5+ Bxg5 23. Qxg5+ Kf7 24. Qg7+ Ke8 25. Qxf8+ Kd7 26. Ne5+ Kc7 27. Rb1 b5 28. Qxe7+ Kb6 29. Bd2 Qxd2 1-0

[Event "IECG CP.2004.Q.00002 email"]
[Site "IECG email"]
[Date "2006.01.28"]
[Round "?"]
[White "Reyes, Damian"]
[Black "Villiere, Christophe"]
[Result "0-1"]
[WhiteElo "1500"]
[BlackElo "1826"]
[PlyCount "72"]
[EventDate "2006.01.20"]
[EventType "tourn (corr)"]
[EventRounds "6"]
[EventCountry "BOL"]
[SourceTitle "Corr 2008"]
[Source "ChessBase"]
[SourceDate "2008.06.24"]
[SourceVersion "1"]
[SourceVersionDate "2008.06.24"]
[SourceQuality "1"]

1. e4 d6 2. d4 Nf6 3. f3 g6 4. c4 Bg7 5. Nc3 0-0 6. Be3 e5 7. d5 c6 8. dxc6 bxc6 9. Qd2 Qe7 10. 0-0-0 Rd8 11. g4 Be6 12. h4 Na6 13. h5 Nc7 14. Qf2 d5 15. Bc5 Qd7 16. Qh4 Na6 17. cxd5 Nxc5 18. dxe6 Qxe6 19. hxg6 Rxd1+ 20. Kxd1 Qd6+ 21. Kc2 hxg6 22. Bc4 Qd4 23. b3 Rd8 24. Qe1 Nd3 25. Bxd3 Qxd3+ 26. Kb2 Nh7 27. Rh2 Ng5 28. Rc2 Nxf3 29. Nxf3 Qxf3 30. Qg1 Rd4 31. a3 a5 32. Ka2 Bf8 33. Qh2 Qe3 34. Kb2 Rd3 35. Qxe5 Rd2 36. b4 a4 0-1

[Event "IECG CP.2005.P.00090"]
[Site "IECG email"]
[Date "2005.10.01"]
[Round "?"]
[White "Oorebeek, Erwin"]
[Black "Reyes, Damian"]
[Result "1/2-1/2"]
[WhiteElo "2038"]
[BlackElo "1500"]
[PlyCount "93"]
[EventDate "2005.10.01"]
[EventType "tourn (corr)"]
[EventRounds "6"]
[SourceTitle "Corr 2008"]
[Source "ChessBase"]
[SourceDate "2008.06.24"]
[SourceVersion "1"]
[SourceVersionDate "2008.06.24"]
[SourceQuality "1"]

1. Nf3 Nf6 2. d4 e6 3. e3 d5 4. Bd3 c5 5. b3 Nbd7 6. Bb2 Bd6 7. Nbd2 0-0 8. 0-0 Qc7 9. c4 cxd4 10. exd4 Bf4 11. g3 Bxd2 12. Qxd2 dxc4 13. bxc4 b6 14. Rac1 Bb7 15. d5 Rfe8 16. Rfd1 Rad8 17. Ng5 h6 18. Ne4 Nxe4 19. Bxe4 Nc5 20. Bg2 e5 21. Qe3 Bc8 22. Ba3 Qd6 23. Bxc5 bxc5 24. Rb1 Ba6 25. Qe4 Bc8 26. Rb3 f5 27. Qe3 Ba6 28. Bf1 Rb8 29. Rdb1 Rxb3 30. axb3 Bc8 31. b4 cxb4 32. Qxa7 Bd7 33. Ra1 Bc8 34. Ra4 f4 35. Qa5 e4 36. Qxb4 Qe5 37. Qe1 e3 38. Ra2 Bf5 39. Qe2 Bb1 40. Rb2 Bg6 41. gxf4 Qxf4 42. fxe3 Rxe3 43. Rb8+ Kh7 44. Rf8 Qd4 45. Qf2 Qg4+ 46. Qg2 Qd4 47. Qf2 1/2-1/2

[Event "IECG CP.2005.P.00090"]
[Site "IECG email"]
[Date "2005.10.01"]
[Round "?"]
[White "Reyes, Damian"]
[Black "Keener, Darin J"]
[Result "1-0"]
[WhiteElo "1500"]
[BlackElo "1015"]
[PlyCount "63"]
[EventDate "2005.10.01"]
[EventType "tourn (corr)"]
[EventRounds "6"]
[SourceTitle "Corr 2008"]
[Source "ChessBase"]
[SourceDate "2008.06.24"]
[SourceVersion "1"]
[SourceVersionDate "2008.06.24"]
[SourceQuality "1"]

1. e4 e5 2. Nf3 Nc6 3. d4 exd4 4. Nxd4 Nf6 5. Nxc6 bxc6 6. e5 Qe7 7. Qe2 Nd5 8. c4 Nb6 9. Nd2 Qe6 10. b3 Be7 11. f4 0-0 12. Bb2 d6 13. 0-0-0 c5 14. Qh5 Qf5 15. Qxf5 Bxf5 16. Be2 a5 17. g4 Bd7 18. Bf3 Ra7 19. Ne4 a4 20. exd6 cxd6 21. Nxd6 axb3 22. axb3 Nc8 23. Nb7 Bxg4 24. Rhg1 f5 25. h3 h5 26. hxg4 fxg4 27. Bd5+ Kh7 28. Be4+ Kg8 29. Rh1 h4 30. Bd5+ Kh7 31. Nxc5 Rxf4 32. Ne6 1-0

[Event "IECG CP.2004.P.00058 email"]
[Site "IECG email"]
[Date "2004.10.01"]
[Round "?"]
[White "Reyes, Damian"]
[Black "Vaassen, Jack M"]
[Result "1/2-1/2"]
[WhiteElo "1500"]
[BlackElo "2178"]
[PlyCount "49"]
[EventDate "2004.10.01"]
[EventType "tourn (corr)"]
[EventRounds "6"]
[SourceTitle "Corr 2011"]
[Source "ChessBase"]
[SourceDate "2010.08.31"]
[SourceVersion "1"]
[SourceVersionDate "2010.08.31"]
[SourceQuality "1"]

1. e4 e6 2. d4 d5 3. Nd2 Nf6 4. e5 Nfd7 5. Bd3 c5 6. c3 Nc6 7. Ne2 cxd4 8. cxd4 f6 9. exf6 Nxf6 10. Nf3 Bd6 11. 0-0 Qc7 12. Nc3 a6 13. Bg5 0-0 14. Bh4 Nh5 15. Re1 g6 16. Bg5 Qg7 17. Bf1 Bd7 18. Rc1 h6 19. Be3 Nf4 20. g3 g5 21. Nd2 Be8 22. Kh1 Kh8 23. Nb3 Nh5 24. Na4 Qe7 25. Nbc5 1/2-1/2

[Event "IECG CP.2004.P.00058 email"]
[Site "IECG email"]
[Date "2004.10.01"]
[Round "?"]
[White "Wiegner, Dennis"]
[Black "Reyes, Damian"]
[Result "1/2-1/2"]
[WhiteElo "2142"]
[BlackElo "1500"]
[PlyCount "71"]
[EventDate "2004.10.01"]
[EventType "tourn (corr)"]
[EventRounds "6"]
[SourceTitle "Corr 2011"]
[Source "ChessBase"]
[SourceDate "2010.08.31"]
[SourceVersion "1"]
[SourceVersionDate "2010.08.31"]
[SourceQuality "1"]

1. e4 c6 2. d4 d5 3. exd5 cxd5 4. c4 Nf6 5. Nc3 e6 6. Nf3 Be7 7. cxd5 Nxd5 8. Bd3 Nc6 9. 0-0 0-0 10. Re1 Bf6 11. Be4 Nce7 12. Qd3 g6 13. Bh6 Bg7 14. Bxg7 Kxg7 15. Rac1 b6 16. Bxd5 Nxd5 17. Nxd5 Qxd5 18. Rc7 Bd7 19. Ne5 Rfd8 20. Qe3 Be8 21. Qf4 Qxd4 22. Rxf7+ Bxf7 23. Qxf7+ Kh8 24. Qf6+ Kg8 25. Qxe6+ Kg7 26. Qe7+ Kg8 27. Nc6 Qd6 28. Nxd8 Qxe7 29. Rxe7 Rxd8 30. h4 Rd2 31. Rxa7 Rxb2 32. g3 b5 33. Kg2 b4 34. g4 h6 35. Kg3 b3 36. axb3 1/2-1/2